Colón, precursor literario / (Registro nro. 7144)

Detalles MARC
000 -LIDER
fixed length control field 01789nam a2200277 a 4500
001 - NÚMERO DE CONTROL
Identificador de número de control 000038289
003 - IDENTIFICACDOR DE NÚMERO DE CONTROL
control field 000038289
005 - DATE AND TIME OF LATEST TRANSACTION
control field 20220112101945.0
008 - ELEMENTOS DE LONGITUD FIJA
fixed length control field 110331s2001 dr 000 0 spa d
040 ## - FUENTE DE CATALOGACIÓN
Agencia que crea de manera original el registro BPMSU
Idioma de catalogación spa
Agencia que realiza la transcripción BPMSU
082 ## - NÚMERO DE CLASIFICACIÓN DECIMAL DE DEWEY
Classification number 923.9
Item number B171C 2001
Edition number 22
100 1# - ASIENTO PRINCIPAL -- NOMBRE PERSONAL
Nombre personal Balaguer, Joaquín
Fechas asociadas con el nombre 1906-2002
9 (RLIN) 2
245 10 - MENCIÓN DE TITULO
Título Colón, precursor literario /
Mención de responsabilidad Joaquín Balaguer.
250 ## - MENCIÓN DE EDICION
Mención de edición 5a. ed.
260 ## - PUBLICACIÓN, DISTRIBUCIÓN, ETC. (PIE DE IMPRENTA)
Lugar de publicación, distribución, etc Santo Domingo :
Nombre del editor, distribuidor, etc. Corripio ,
Fecha de publicación, distribución, etc 2001.
300 ## - DESCRIPCIÓN FÍSICA
Extensión 150 p. :
Dimensiones 22 cm.
500 ## - NOTA GENERAL
Nota general Incluye referencias bibliográficas y notas al pie de las páginas
500 ## - NOTA GENERAL
Nota general Incluye datos biográficos del autor en la solapa de la cubierta
505 ## - NOTA DE CONTENIDO
Texto normalizado de contenido Cristóbal Colón -- Colón, escritor -- Colón, pintor -- El sentimiento de la naturaleza -- Colón, precursor literario -- La fidelidad del colorido -- Puntos de contactos entre los cuadros tropicales de Colón y los de Víctor Hugo -- El sentimiento de la naturaliza en Colón y en los historiadores de Indias. Colón y Fray Bartolomé de Las Casas -- Colón y Gonzalo Fernández de Oviedo -- Colón y Américo Vespucio -- Colón y los poetas de la Conquista -- Valor artístico del Diario y de las cartas del Almirante -- Los dominicos en La Española .Fray Tomás de la Torre -- Fray Pedro de Córdoba -- El padre Córdoba y fray Bartolomé de Las Casas -- La “Doctrina Cristiana” -- Fray Antón de Montesino -- Montesino y Las Casas -- Fray Domingo de Betanzos -- Pedro Ordóñez de Ceballos.
590 ## - NOTA LOCAL
Enlace Inventariado, 2022/VM
600 14 - ENCABEZAMIENTO DE MATERIA--NOMBRE PERSONAL
Nombre personal Colón, Cristóbal, 1451?
Fechas asociadas con el nombre 1436?-1506
Subdivisión temática general Crítica e interpretación
650 #4 - ENCABEZAMIENTO DE MATERIA--TEMÁTICO
Término temático o nombre geográfico como elemento de entrada Literatura Dominicana
Subdivisión temática general Historia y crítica
651 #4 - ENCABEZAMIENTO DE MATERIA--NOMBRE GEOGRÁFICO
Nombre geográfico República Dominicana
Subdivisión temática general Descubrimiento y conquista
Subdivisión cronológica 1492-1511
910 ## - VALIDACIÓN
Validación VMateo V.
942 ## - ADDED ENTRY ELEMENTS (KOHA)
Source of classification or shelving scheme Dewey Decimal Classification
Koha item type Libros
Existencias
Withdrawn status Lost status Source of classification or shelving scheme Damaged status Not for loan Collection code Home library Current library Date acquired Total Checkouts Full call number Barcode Date last seen Copy number Price effective from Koha item type
    Dewey Decimal Classification     Colección Dominicana Biblioteca Pública Metropolitana Salomé Ureña Biblioteca Pública Metropolitana Salomé Ureña 07/14/2014   BPMSU CD 923.9 B171C 2001 BPMSU15040557 07/14/2014 07/14/2014 Libros
    Dewey Decimal Classification     Colección Dominicana Biblioteca Pública Metropolitana Salomé Ureña Biblioteca Pública Metropolitana Salomé Ureña 07/14/2014   BPMSU CD 923.9 B171C 2001 BPMSU15040558 07/14/2014 e.2 07/14/2014 Libros
    Dewey Decimal Classification     Colección Dominicana Biblioteca Pública Metropolitana Salomé Ureña Biblioteca Pública Metropolitana Salomé Ureña 07/14/2014   BPMSU CD 923.9 B171C 2001 BPMSU25120005 12/01/2025 e.3 07/14/2014 Libros